000 00675nam a22002177a 4500
003 UA-OsUOA
001 74266
007 ta
008 20110331b un ||||| |||| 00| 0 ukr d
100 _aСтепанов В.В.
090 _a330(477)
_bС79
942 _cSA
040 _aUA-OsUOA
_bukr
_cUA-OsUOA
_dUA-OsUOA
245 _aПерспективи нарощування українського експорту транспортних послуг
300 _aС.14-18
955 _a0
041 _aukr
080 _a330(477)
773 0 _w74265
_tЕкономіка. Фінанси. Право.
_dК.
_d2011
_g3
650 7 _a330 Економіка взагалі
_2UDC
999 _c360557
_d360557